[Event "26th EUR-ch"]
[Site "Katowice POL"]
[Date "2026.04.16"]
[Round "9.15"]
[White "Kovalenko, Igor"]
[Black "Samadov, Read"]
[Result "1/2-1/2"]
[WhiteElo "2685"]
[BlackElo "2508"]
[EventDate "2026.04.07"]
[PlyCount "120"]

1.c4 Nf6 2.Nc3 e5 3.Nf3 Nc6 4.g3 Bb4 5.Bg2 O-O 6.O-O e4 7.Ne1 Bxc3 8.dxc3 
h6 9.Nc2 d6 10.Ne3 Re8 11.b3 b6 12.a4 a5 13.Ra2 Bb7 14.f4 exf3 15.exf3 Ne7
16.Re2 Qd7 17.Rfe1 Rad8 18.Qd3 Qc8 19.h3 Qa8 20.Rf1 Ng6 21.Qc2 Ne5 22.Ref2
d5 23.cxd5 Nxd5 24.Nf5 Ne7 25.Re2 Nxf5 26.Qxf5 Ng6 27.Rxe8+ Rxe8 28.c4 Re2
29.Qd3 Qe8 30.Bd2 Qe7 31.Rf2 Re6 32.f4 Rd6 33.Qe2 Bxg2 34.Kxg2 Qxe2 35.
Rxe2 f5 36.b4 axb4 37.Bxb4 Rd4 38.Rc2 Nf8 39.a5 bxa5 40.Bxa5 Ne6 41.Be1 
Kf7 42.Bf2 Rd3 43.h4 g5 44.fxg5 hxg5 45.hxg5 Nxg5 46.Re2 Rc3 47.c5 Ne4 48.
g4 Nxf2 49.Rxf2 Rxc5 50.gxf5 Kf6 51.Kg3 Rxf5 52.Rc2 c5 53.Rf2 Ke5 54.Rxf5+
Kxf5 55.Kf3 c4 56.Ke3 Ke5 57.Kd2 Kd4 58.Kc2 c3 59.Kc1 c2 60.Kxc2 Ke5 
1/2-1/2

[Event "26th EUR-ch"]
[Site "Katowice POL"]
[Date "2026.04.16"]
[Round "9.16"]
[White "Sargsian, Shant"]
[Black "Nasuta, Grzegorz"]
[Result "1/2-1/2"]
[WhiteElo "2647"]
[BlackElo "2506"]
[EventDate "2026.04.07"]
[PlyCount "53"]

1.d4 Nf6 2.c4 g6 3.Nc3 d5 4.Nf3 Bg7 5.Qb3 dxc4 6.Qxc4 Be6 7.Qb5+ Bd7 8.
Qxb7 Nc6 9.Qb3 Rb8 10.Qd1 Bf5 11.Qa4 Qd7 12.a3 Be6 13.e3 Bb3 14.Qa6 O-O 
15.Be2 Rfd8 16.O-O Rb6 17.Qd3 e5 18.Re1 Qe8 19.Qb1 Nd5 20.Nxd5 Rxd5 21.e4 
Nxd4 22.Nxd4 Rxd4 23.Be3 c5 24.Qc1 Qf8 25.Qc3 c4 26.Qa5 Qb8 27.Rac1 
1/2-1/2

[Event "26th EUR-ch"]
[Site "Katowice POL"]
[Date "2026.04.16"]
[Round "9.17"]
[White "Davtian, Artur"]
[Black "Maurizzi, Marc`Andria"]
[Result "0-1"]
[WhiteElo "2509"]
[BlackElo "2608"]
[EventDate "2026.04.07"]
[PlyCount "94"]

1.e4 c6 2.d4 d5 3.e5 Bf5 4.Nf3 e6 5.Be2 Nd7 6.O-O a5 7.Nc3 a4 8.Bd2 Bb4 9.
a3 Bxc3 10.bxc3 b5 11.h3 Bg6 12.Bd3 Nb6 13.Bg5 Qd7 14.Nh4 Ne7 15.Bxe7 Qxe7
16.Qg4 Nc4 17.Bxc4 dxc4 18.f4 Bxc2 19.Rf2 Bd3 20.Qxg7 O-O-O 21.Qf6 Qc7 22.
f5 Rde8 23.Rf4 Rhg8 24.Kh2 c5 25.dxc5 Qxc5 26.fxe6 fxe6 27.Nf3 Qf2 28.Rg1 
Qg3+ 29.Kh1 Rgf8 30.Qxf8 Rxf8 31.Rxf8+ Kb7 32.Re1 Qf2 33.Rf7+ Kb6 34.Rf6 
Bf1 35.Rxe6+ Kc5 36.Rxf1 Qxf1+ 37.Kh2 Qc1 38.Re8 Qxc3 39.e6 Qf6 40.Kh1 
Qa1+ 41.Kh2 Qf6 42.Kh1 c3 43.Rc8+ Kb6 44.Kg1 b4 45.axb4 a3 46.e7 Qxe7 47.
Rxc3 a2 0-1

[Event "26th EUR-ch"]
[Site "Katowice POL"]
[Date "2026.04.16"]
[Round "9.18"]
[White "Lodici, Lorenzo"]
[Black "Gokerkan, Cem Kaan"]
[Result "0-1"]
[WhiteElo "2601"]
[BlackElo "2501"]
[EventDate "2026.04.07"]
[PlyCount "70"]

1.e4 e5 2.Nf3 Nc6 3.Bc4 Bc5 4.d3 Nf6 5.Nc3 d6 6.Na4 Bb6 7.a3 h6 8.h3 Qe7 
9.b4 g5 10.Nxb6 axb6 11.Be3 Be6 12.Bxe6 fxe6 13.c4 Rg8 14.h4 gxh4 15.Nxh4 
Ng4 16.Bd2 O-O-O 17.a4 d5 18.cxd5 exd5 19.Nf5 Qd7 20.f3 Nf6 21.Qe2 dxe4 
22.dxe4 Nd4 23.Nxd4 Qxd4 24.Rc1 Qb2 25.Rxh6 Rd6 26.b5 Qd4 27.Be3 Qxa4 28.
g4 Qb4+ 29.Kf2 Rf8 30.Kg3 Qa3 31.Qc4 Rd7 32.Qc3 Qe7 33.Bxb6 Qf7 34.Qa3 
Nxe4+ 35.Kh4 Qf6+ 0-1

[Event "26th EUR-ch"]
[Site "Katowice POL"]
[Date "2026.04.16"]
[Round "9.19"]
[White "Janik, Igor"]
[Black "Rodshtein, Maxim"]
[Result "1/2-1/2"]
[WhiteElo "2504"]
[BlackElo "2598"]
[EventDate "2026.04.07"]
[PlyCount "132"]

1.c4 c6 2.d4 d5 3.cxd5 cxd5 4.Bf4 Nc6 5.e3 Nf6 6.Nc3 Bf5 7.Qb3 Na5 8.Qa4+ 
Bd7 9.Qc2 e6 10.Bd3 Rc8 11.Nf3 Bb4 12.O-O O-O 13.Rac1 h6 14.Qe2 Bxc3 15.
bxc3 Nc4 16.Ne5 Bb5 17.Rb1 Nxe5 18.Bxe5 Bxd3 19.Qxd3 b6 20.Rfc1 Rc4 21.Rb4
Rc6 22.Qb5 Qc8 23.Bxf6 gxf6 24.Qd3 Qc7 25.Rb3 Rc8 26.g3 Rc4 27.Qe2 Kh7 28.
Qb2 Qc6 29.Kg2 f5 30.Kg1 Rc7 31.h3 Qd7 32.Kg2 Qc8 33.Qa3 Qd8 34.Qb2 R7c6 
35.Qa3 Qc7 36.Kf3 h5 37.Kg2 Kg7 38.Qb2 Qe7 39.Kh2 Qd8 40.Qa3 Qc7 41.Kg2 
Qb7 42.Qb2 Qe7 43.Kh2 Qc7 44.Kg2 Qd8 45.Kh2 a6 46.Qe2 Kg6 47.Kg2 b5 48.a3 
Rc8 49.h4 Qc7 50.Qd2 f6 51.Qb2 Qc6 52.Kg1 Kh6 53.Qd2 Kh7 54.Qe2 Qe8 55.Qb2
R8c7 56.Rb4 Kg6 57.Rb3 Qc8 58.Kg2 R7c6 59.Qd2 Qc7 60.Qb2 e5 61.Qd2 Qe7 62.
Rb4 exd4 63.exd4 Re6 64.Kf1 Re4 65.f3 Re6 66.Rxc4 bxc4 1/2-1/2

[Event "26th EUR-ch"]
[Site "Katowice POL"]
[Date "2026.04.16"]
[Round "9.20"]
[White "Dardha, Daniel"]
[Black "Cieslak, Patryk"]
[Result "1/2-1/2"]
[WhiteElo "2596"]
[BlackElo "2495"]
[EventDate "2026.04.07"]
[PlyCount "160"]

1.c4 e6 2.g3 d5 3.Bg2 d4 4.d3 c5 5.e3 Nf6 6.Ne2 Nc6 7.Bxc6+ bxc6 8.e4 e5 
9.h3 Be7 10.Nd2 Nd7 11.f4 exf4 12.gxf4 f5 13.e5 Nf8 14.Nf3 Ne6 15.h4 h5 
16.Kf2 g6 17.Bd2 Rg8 18.Kg3 Kf7 19.Neg1 Rb8 20.b3 Bd7 21.Qe1 Qc7 22.Ba5 
Qc8 23.Nh3 Qa6 24.Rg1 Qc8 25.Kh2 Kg7 26.Qd2 Kh7 27.Rg2 Be8 28.Nhg5+ Bxg5 
29.Nxg5+ Nxg5 30.Rxg5 Bf7 31.Qb2 Qb7 32.Qa3 Qe7 33.Bd2 a5 34.e6 Qxe6 35.
Re1 Qd6 36.Re5 Rge8 37.Qxc5 Qxc5 38.Rxc5 a4 39.b4 Re2+ 40.Rg2 Rbe8 41.Re5 
R8xe5 42.fxe5 Rxe5 43.Kg3 Kg7 44.Kf2 Re8 45.Rg1 Re7 46.Bg5 Re8 47.Rb1 Be6 
48.Bf4 Kf7 49.Re1 Bd7 50.Rxe8 Bxe8 51.Kf3 Ke6 52.Bh6 g5 53.Bxg5 f4 54.Ke4 
f3 55.Kxf3 Bg6 56.Ke2 Bf5 57.Kd2 Bg6 58.Bh6 Kf6 59.Bf8 Bf5 60.Kc2 Be6 61.
Bd6 Bf5 62.Bg3 Ke6 63.Be1 Ke5 64.Bd2 Be6 65.Bh6 Kf6 66.Bf8 Bf7 67.Kc1 Bg6 
68.Kd2 Bf5 69.Bd6 Be6 70.Kc2 Bf7 71.Bh2 Be6 72.Bg1 Ke5 73.Bf2 Bf7 74.Bg3+ 
Ke6 75.b5 cxb5 76.cxb5 Kd5 77.Bf2 Kc5 78.b6 Kxb6 79.Bxd4+ Kb5 80.a3 Kc6 
1/2-1/2

[Event "26th EUR-ch"]
[Site "Katowice POL"]
[Date "2026.04.16"]
[Round "9.21"]
[White "Yuffa, Daniil"]
[Black "Klimkowski, Jan"]
[Result "0-1"]
[WhiteElo "2595"]
[BlackElo "2498"]
[EventDate "2026.04.07"]
[PlyCount "80"]

1.c4 Nf6 2.Nc3 e6 3.e4 d5 4.e5 d4 5.exf6 dxc3 6.bxc3 Qxf6 7.Nf3 b6 8.d4 
Bb7 9.h4 Bd6 10.Rh3 Nd7 11.Qa4 Qe7 12.Bg5 f6 13.Be3 O-O 14.Be2 f5 15.Kf1 
f4 16.Bd2 Be4 17.Re1 Bf5 18.Rh1 Nf6 19.Bd1 c5 20.Kg1 Rac8 21.d5 Rce8 22.
Ng5 e5 23.Bxf4 e4 24.Bd2 h6 25.Nh3 Ng4 26.Nf4 Bxf4 27.Bxf4 Bd7 28.Qxa7 
Rxf4 29.Bxg4 Bxg4 30.Qxe7 Rxe7 31.Kh2 Bd7 32.Rhf1 Rxh4+ 33.Kg1 Rf4 34.Re3 
Rf8 35.f3 Rfe8 36.Rfe1 Bf5 37.g4 Bg6 38.Kf2 Rf7 39.Rb1 Rf6 40.a4 Ra8 0-1

[Event "26th EUR-ch"]
[Site "Katowice POL"]
[Date "2026.04.16"]
[Round "9.22"]
[White "Psyk, Radoslaw"]
[Black "Gumularz, Szymon"]
[Result "0-1"]
[WhiteElo "2501"]
[BlackElo "2590"]
[EventDate "2026.04.07"]
[PlyCount "190"]

1.e4 c5 2.Nf3 d6 3.Bb5+ Nd7 4.d4 cxd4 5.Qxd4 a6 6.Bxd7+ Bxd7 7.c4 Nf6 8.
Bg5 e6 9.e5 dxe5 10.Nxe5 h6 11.Bxf6 gxf6 12.Nxd7 Qxd7 13.Qxf6 Rg8 14.Qf3 
Rc8 15.O-O Rxc4 16.g3 Qc6 17.Qd3 Qe4 18.Qb3 Rb4 19.Qc3 Qc4 20.Qe5 Qf4 21.
Qc3 Rc4 22.Qb3 Qc7 23.Nd2 Rc6 24.Ne4 Be7 25.Rfe1 f5 26.Nd2 Kf7 27.Qf3 Bf6 
28.Re2 Bxb2 29.Rae1 Rg6 30.Qh5 Kg7 31.Nf3 Qf7 32.Qh3 Bf6 33.Rd1 Rg4 34.
Red2 Rc7 35.Rd6 Rgc4 36.Qf1 R4c6 37.Qe2 Qe7 38.Rxc6 Rxc6 39.Ne5 Rd6 40.Rc1
Rd5 41.Nd3 e5 42.Rb1 b5 43.Nb4 Rd6 44.Nc2 Qd7 45.Ne3 e4 46.a4 bxa4 47.Rb8 
Be5 48.Ra8 Rf6 49.Qc4 Qf7 50.Qc5 Bd6 51.Qd4 Kg6 52.Nd5 Re6 53.Ra7 Qf8 54.
Rxa6 Kf7 55.Qc4 a3 56.Nf4 Qe7 57.Nxe6 Qxe6 58.Qc6 e3 59.Ra7+ Kg6 60.Qc3 
exf2+ 61.Kxf2 Be5 62.Qe3 a2 63.Ra5 Qf6 64.Qb3 a1=Q 65.Qg8+ Kh5 66.Rxa1 
Bxa1 67.Qe8+ Qg6 68.Qe2+ Qg4 69.Qe8+ Kg5 70.Qg8+ Kf6 71.Qf8+ Kg6 72.Qe8+ 
Kh7 73.Qf7+ Bg7 74.Kg2 Qe4+ 75.Kh3 Qf3 76.Qd7 h5 77.Qf7 Qg4+ 78.Kg2 h4 79.
Kf2 Qd4+ 80.Ke2 Qg4+ 81.Kf2 h3 82.Ke3 Qd4+ 83.Ke2 Qe4+ 84.Kd2 Kh6 85.Qg8 
Qd4+ 86.Ke2 Qb2+ 87.Kf3 Qc3+ 88.Ke2 Qe5+ 89.Kd3 Qd6+ 90.Ke2 Qe7+ 91.Kd3 
Bf6 92.Qa8 Qd6+ 93.Ke2 Qe6+ 94.Kf3 Kg6 95.Qb7 Bd4 0-1

[Event "26th EUR-ch"]
[Site "Katowice POL"]
[Date "2026.04.16"]
[Round "9.23"]
[White "Schoppen, Casper"]
[Black "Quparadze, Giga"]
[Result "1-0"]
[WhiteElo "2588"]
[BlackElo "2484"]
[EventDate "2026.04.07"]
[PlyCount "119"]

1.e4 c5 2.Nf3 e6 3.d4 cxd4 4.Nxd4 Nf6 5.Nc3 Nc6 6.Nxc6 bxc6 7.e5 Nd5 8.Ne4
Bb7 9.Be2 c5 10.O-O Qc7 11.Nd6+ Bxd6 12.exd6 Qc6 13.f3 c4 14.Qd4 O-O 15.
Bxc4 Rfc8 16.b3 Qxd6 17.Rf2 Qb6 18.Qh4 Ne3 19.Bd3 h6 20.Bb2 Nxc2 21.Qg3 e5
22.Rb1 Nb4 23.Bf5 Nc6 24.Bxd7 Rc7 25.Bxc6 Rxc6 26.Qxe5 f6 27.Qd4 Rd8 28.
Qxb6 axb6 29.Re1 b5 30.Ba3 Ra6 31.Bb4 Rda8 32.Re7 Bd5 33.Rd2 Be6 34.h4 h5 
35.Bd6 Bf5 36.Rd5 Bg6 37.Bc5 Be8 38.a3 Rc6 39.Kf2 Rac8 40.b4 Ra6 41.Rd3 
Raa8 42.g4 Rd8 43.Rxd8 Rxd8 44.Bb6 Ra8 45.g5 fxg5 46.hxg5 g6 47.Bd4 Bf7 
48.Rb7 Be8 49.f4 Ra6 50.Bb2 Kf8 51.Ke3 Re6+ 52.Be5 Re7 53.Rb8 Kf7 54.Ke4 
h4 55.Kf3 Ra7 56.f5 Re7 57.Kf4 h3 58.fxg6+ Kg8 59.Kf5 Kf8 60.Bd6 1-0

[Event "26th EUR-ch"]
[Site "Katowice POL"]
[Date "2026.04.16"]
[Round "9.24"]
[White "Kilic, Eray"]
[Black "Amar, Elham"]
[Result "1/2-1/2"]
[WhiteElo "2502"]
[BlackElo "2586"]
[EventDate "2026.04.07"]
[PlyCount "89"]

1.e4 c5 2.Nf3 Nc6 3.Bb5 e6 4.Bxc6 bxc6 5.d3 Qc7 6.O-O Ne7 7.Re1 e5 8.c3 
Ng6 9.d4 d6 10.Be3 Be7 11.dxc5 dxc5 12.Nbd2 O-O 13.Qa4 Rb8 14.Nc4 Rb5 15.
Nfd2 Be6 16.Rad1 h6 17.Nb3 Rfb8 18.Re2 Nf4 19.Bxf4 exf4 20.f3 g5 21.e5 Bd5
22.Nbd2 Rd8 23.Qc2 Be6 24.Rde1 Rbb8 25.b3 Qd7 26.Nd6 Bxd6 27.exd6 Bf5 28.
Ne4 Bxe4 29.Rxe4 Qxd6 30.Re6 Qf8 31.Rxc6 Re8 32.Rd1 Rbd8 33.Rxd8 Rxd8 34.
h3 Qe8 35.Rxh6 Qe1+ 36.Kh2 f5 37.Rg6+ Kh8 38.c4 Qg3+ 39.Kg1 Qe1+ 40.Kh2 g4
41.fxg4 Qg3+ 42.Kh1 Qe1+ 43.Kh2 Kh7 44.Rg5 Qg3+ 45.Kh1 1/2-1/2

[Event "26th EUR-ch"]
[Site "Katowice POL"]
[Date "2026.04.16"]
[Round "9.25"]
[White "Kourkoulos-Arditis, Stamatis"]
[Black "Bazakutsa, Svyatoslav"]
[Result "0-1"]
[WhiteElo "2583"]
[BlackElo "2477"]
[EventDate "2026.04.07"]
[PlyCount "130"]

1.e4 c5 2.Nf3 Nc6 3.Bb5 e6 4.Bxc6 bxc6 5.b3 Ne7 6.Bb2 Ng6 7.h4 h5 8.d3 d6 
9.e5 dxe5 10.Nc3 c4 11.dxc4 Bb7 12.Qe2 f6 13.Qe4 Kf7 14.Rg1 Qc7 15.O-O-O 
c5 16.Qe3 Qc6 17.Rde1 Rd8 18.Ne4 Rh6 19.g3 Ne7 20.Kb1 Nf5 21.Qc1 Qc7 22.
Neg5+ fxg5 23.Nxe5+ Kg8 24.hxg5 Rh7 25.Ng6 h4 26.gxh4 Nxh4 27.Nxf8 Kxf8 
28.g6 Rh6 29.Bf6 Re8 30.Bg5 Rh5 31.Rh1 Bxh1 32.Rxh1 Kg8 33.Rxh4 Rxh4 34.
Bxh4 Qe5 35.Bg3 Qf5 36.Qe3 Rd8 37.Kc1 Rd4 38.Kb2 Qxg6 39.Be5 Re4 40.Qxc5 
Re2 41.Ka3 Qxc2 42.Qc8+ Kh7 43.Qxe6 Qxa2+ 44.Kb4 Qd2+ 45.Kb5 Qd3 46.b4 
Rxf2 47.Qd6 Qe4 48.Qe7 Rg2 49.Bd6 Qd4 50.Bc5 a6+ 51.Kxa6 Qxc4+ 52.Kb7 Rg6 
53.Qd7 Qe4+ 54.Ka7 Rg5 55.Qh3+ Kg6 56.Qd7 Rf5 57.Qc8 Rf6 58.Qd8 Qc6 59.
Qd3+ Kf7 60.Qc4+ Re6 61.Qf4+ Rf6 62.Qc4+ Qe6 63.Qd3 Ke8 64.Kb8 Rf7 65.Qd1 
Qe5+ 0-1

[Event "26th EUR-ch"]
[Site "Katowice POL"]
[Date "2026.04.16"]
[Round "9.26"]
[White "Paichadze, Luka"]
[Black "Yilmaz, Mustafa"]
[Result "1/2-1/2"]
[WhiteElo "2490"]
[BlackElo "2582"]
[EventDate "2026.04.07"]
[PlyCount "81"]

1.e4 c5 2.c3 Nf6 3.e5 Nd5 4.Bc4 Nb6 5.Bb3 d6 6.Nf3 c4 7.Bc2 dxe5 8.Nxe5 
Qd5 9.Qe2 f6 10.Nf3 Qe6 11.b3 Qxe2+ 12.Kxe2 e5 13.bxc4 Nxc4 14.d4 Nc6 15.
Bb3 N4a5 16.dxe5 fxe5 17.Nbd2 Bg4 18.h3 Bh5 19.g4 Bg6 20.Bd5 Rd8 21.Be4 
Bxe4 22.Nxe4 Be7 23.Rb1 b6 24.Be3 Nc4 25.Rhd1 O-O 26.Rxd8 Rxd8 27.Nfd2 
Nxd2 28.Nxd2 Rd5 29.Nb3 Na5 30.Rd1 Rxd1 31.Kxd1 Nc4 32.Ke2 Kf7 33.Kd3 Nb2+
34.Ke2 Ke6 35.f3 Kd5 36.Nd2 Nc4 37.Ne4 a6 38.Kd3 Nb2+ 39.Kc2 Nc4 40.Bc1 b5
41.Kd3 1/2-1/2

[Event "26th EUR-ch"]
[Site "Katowice POL"]
[Date "2026.04.16"]
[Round "9.27"]
[White "Pichot, Alan"]
[Black "Olsen, Filip Boe"]
[Result "1/2-1/2"]
[WhiteElo "2581"]
[BlackElo "2474"]
[EventDate "2026.04.07"]
[PlyCount "75"]

1.e4 e5 2.Nf3 Nf6 3.Nxe5 Nxe4 4.Qe2 Qe7 5.Qxe4 d6 6.d4 dxe5 7.dxe5 Nc6 8.
Nc3 Qxe5 9.Qxe5+ Nxe5 10.Nb5 Bb4+ 11.Bd2 Bxd2+ 12.Kxd2 Kd8 13.Re1 Nd7 14.
h4 Nc5 15.h5 a6 16.Nd4 Re8 17.Bc4 Ne4+ 18.Kc1 Nd6 19.Bd3 h6 20.b4 Bg4 21.
c4 c6 22.Rxe8+ Kxe8 23.Rh4 Bd7 24.a4 Kf8 25.Kd2 a5 26.c5 Ne8 27.b5 cxb5 
28.axb5 a4 29.Rh1 Nc7 30.Ra1 Ne6 31.Nxe6+ Bxe6 32.Kc3 a3 33.Kb4 a2 34.Be4 
Rb8 35.Ka5 Ra8+ 36.Kb4 Rb8 37.Ka5 Ra8+ 38.Kb4 1/2-1/2

[Event "26th EUR-ch"]
[Site "Katowice POL"]
[Date "2026.04.16"]
[Round "9.28"]
[White "Ohanian, Emin"]
[Black "Can, Isik"]
[Result "1/2-1/2"]
[WhiteElo "2481"]
[BlackElo "2563"]
[EventDate "2026.04.07"]
[PlyCount "95"]

1.e4 c6 2.d4 d5 3.Nc3 dxe4 4.Nxe4 Bf5 5.Ng3 Bg6 6.h4 h6 7.Nf3 Nd7 8.h5 Bh7
9.Bd3 Bxd3 10.Qxd3 e6 11.Bd2 Ngf6 12.O-O-O Be7 13.Ne4 Qb6 14.Nxf6+ Bxf6 
15.g4 c5 16.Be3 cxd4 17.Nxd4 O-O 18.Nb3 Ne5 19.Bxb6 Nxd3+ 20.Rxd3 axb6 21.
a3 Rfd8 22.Rhd1 Bg5+ 23.Kb1 Rxd3 24.Rxd3 Rd8 25.Rxd8+ Bxd8 26.c3 Kf8 27.
Kc2 Ke7 28.Kd3 Kf6 29.f4 e5 30.Ke4 exf4 31.Kxf4 Bc7+ 32.Kf3 Ke5 33.Nd4 g6 
34.hxg6 fxg6 35.Ne2 Kd5 36.b3 Be5 37.c4+ Kc5 38.Ke4 Bb2 39.Nf4 Bxa3 40.
Nxg6 Kb4 41.Kd3 Kxb3 42.Nf4 b5 43.cxb5 Kb4 44.Ne6 Bc1 45.b6 Kb5 46.Nd8 
Kxb6 47.Ke2 Kc7 48.Nxb7 1/2-1/2

[Event "26th EUR-ch"]
[Site "Katowice POL"]
[Date "2026.04.16"]
[Round "9.29"]
[White "Pultinevicius, Paulius"]
[Black "Lavrencic, Matic"]
[Result "1-0"]
[WhiteElo "2562"]
[BlackElo "2472"]
[EventDate "2026.04.07"]
[PlyCount "51"]

1.c4 e6 2.Nc3 Nf6 3.e4 c5 4.e5 Ng8 5.d4 cxd4 6.Qxd4 Nc6 7.Qf4 d6 8.Nf3 Nh6
9.Be2 Nf5 10.O-O dxe5 11.Nxe5 Qc7 12.Nb5 Qxe5 13.Qxe5 Nxe5 14.Nc7+ Kd8 15.
Nxa8 Bd7 16.Rd1 Kc8 17.Bf4 f6 18.g4 Nh4 19.Be3 Nhf3+ 20.Bxf3 Nxf3+ 21.Kg2 
Bc6 22.Bxa7 b6 23.Nxb6+ Kb7 24.Rd7+ Bxd7 25.Nxd7 Nh4+ 26.Kh3 1-0

[Event "26th EUR-ch"]
[Site "Katowice POL"]
[Date "2026.04.16"]
[Round "9.30"]
[White "Bronstein, Or"]
[Black "Sokolovsky, Yahli"]
[Result "1/2-1/2"]
[WhiteElo "2481"]
[BlackElo "2559"]
[EventDate "2026.04.07"]
[PlyCount "41"]

1.d4 d5 2.c4 dxc4 3.Nf3 e6 4.e3 c5 5.Bxc4 Nf6 6.O-O a6 7.Be2 Nbd7 8.b3 b6 
9.Bb2 Bb7 10.Nbd2 Be7 11.Qb1 O-O 12.Rd1 b5 13.dxc5 Nxc5 14.Ng5 Ncd7 15.
Ndf3 g6 16.Ne5 Qc7 17.Ngf3 Rac8 18.a4 Nc5 19.Bd4 Bd5 20.axb5 axb5 21.Nd2 
1/2-1/2

[Event "26th EUR-ch"]
[Site "Katowice POL"]
[Date "2026.04.16"]
[Round "9.31"]
[White "Costa, Leonardo"]
[Black "Haring, Filip"]
[Result "1/2-1/2"]
[WhiteElo "2556"]
[BlackElo "2461"]
[EventDate "2026.04.07"]
[PlyCount "56"]

1.e4 e5 2.Nf3 Nc6 3.Bc4 Nf6 4.d3 Bc5 5.O-O d6 6.c3 h6 7.Re1 a5 8.Nbd2 O-O 
9.h3 Be6 10.Bb5 Nh7 11.Nf1 f5 12.exf5 Bxf5 13.Ng3 Bg6 14.d4 exd4 15.cxd4 
Bb6 16.a3 Nf6 17.Bd3 Bxd3 18.Qxd3 Qd7 19.Nf5 Rae8 20.Bd2 d5 21.Ng3 Ne4 22.
Nxe4 dxe4 23.Rxe4 Rxe4 24.Qxe4 Nxd4 25.Nxd4 Qxd4 26.Qxd4 Bxd4 27.Bxa5 Rxf2
28.Bc3 Rd2+ 1/2-1/2

[Event "26th EUR-ch"]
[Site "Katowice POL"]
[Date "2026.04.16"]
[Round "9.32"]
[White "Mosesov, Danyil"]
[Black "Sanal, Vahap"]
[Result "1/2-1/2"]
[WhiteElo "2464"]
[BlackElo "2551"]
[EventDate "2026.04.07"]
[PlyCount "147"]

1.e4 c5 2.Nf3 Nc6 3.Bb5 g6 4.O-O Bg7 5.c3 Nf6 6.Re1 O-O 7.d4 cxd4 8.cxd4 
d5 9.e5 Ne4 10.Nc3 Bf5 11.Bd3 Rc8 12.Bb1 Qa5 13.Qb3 Rfd8 14.Be3 e6 15.h3 
Nxc3 16.bxc3 Qa6 17.Bg5 Rd7 18.Bxf5 exf5 19.Rab1 h6 20.Bf6 Re8 21.Nd2 Qa5 
22.Bxg7 Kxg7 23.Qb2 Qa6 24.Rec1 Qd3 25.Rd1 Qa6 26.Nf1 Na5 27.Qa3 b6 28.Ne3
Qc8 29.Qa4 Re6 30.Rdc1 a6 31.Qd1 Nc4 32.Nxc4 Qxc4 33.Rb4 Qc8 34.Qb3 Qc7 
35.Rb1 Rc6 36.Rxb6 Rxc3 37.Qd1 Qc4 38.R6b4 Qxa2 39.Ra1 Rd3 40.Qxd3 Qxa1+ 
41.Rb1 Qa5 42.g4 fxg4 43.hxg4 Qd8 44.Qxa6 Qg5 45.Qe2 Qf4 46.Rb8 Qxd4 47.e6
fxe6 48.Qxe6 Rf7 49.Qe2 Qf4 50.Re8 Kh7 51.Kg2 d4 52.Re7 Qf6 53.Re6 Qg5 54.
Re5 Qf6 55.Re6 Qg7 56.Rd6 Re7 57.Qf3 Rd7 58.Qd5 Rxd6 59.Qxd6 Qa7 60.Kg3 
Qg7 61.Kg2 g5 62.Kg3 Qa7 63.Kh2 Kg7 64.Kg3 Kf7 65.f4 d3 66.Qd5+ Kf8 67.
Qd6+ Ke8 68.Qe6+ Kd8 69.Qg8+ Kc7 70.Qf7+ Kb6 71.Qb3+ Kc6 72.Qe6+ Kb5 73.
Qb3+ Kc6 74.Qe6+ 1/2-1/2

[Event "26th EUR-ch"]
[Site "Katowice POL"]
[Date "2026.04.16"]
[Round "9.33"]
[White "Gavrilescu, David"]
[Black "Sousa, Andre Ventura"]
[Result "1-0"]
[WhiteElo "2545"]
[BlackElo "2447"]
[EventDate "2026.04.07"]
[PlyCount "75"]

1.Nf3 Nf6 2.c4 e6 3.b3 d5 4.Bb2 Nbd7 5.e3 Bd6 6.Nc3 a6 7.Qc2 O-O 8.Rg1 
dxc4 9.bxc4 b5 10.cxb5 axb5 11.Bxb5 Bb7 12.Ke2 e5 13.d3 c6 14.Bc4 Nb6 15.
Nd2 Nfd5 16.Nce4 f5 17.Nxd6 Qxd6 18.Qb3 Kh8 19.Bxd5 cxd5 20.Bxe5 Qxe5 21.
Qxb6 Ba6 22.Nf3 Bxd3+ 23.Kxd3 Qe4+ 24.Kd2 d4 25.Qb1 dxe3+ 26.fxe3 Qe7 27.
Ke2 Rab8 28.Qc1 Rbc8 29.Qd1 Rcd8 30.Qa4 f4 31.Rgd1 fxe3 32.Rxd8 Rxd8 33.
Rd1 Rb8 34.Qd4 Qf8 35.a4 h6 36.Kxe3 Qa3+ 37.Kf2 Ra8 38.Ra1 1-0

[Event "26th EUR-ch"]
[Site "Katowice POL"]
[Date "2026.04.16"]
[Round "9.34"]
[White "Levin, Guy"]
[Black "Warmerdam, Max"]
[Result "1/2-1/2"]
[WhiteElo "2462"]
[BlackElo "2545"]
[EventDate "2026.04.07"]
[PlyCount "85"]

1.d4 d6 2.e4 Nf6 3.Nc3 e5 4.Nf3 Nbd7 5.Be2 Be7 6.O-O O-O 7.Re1 b6 8.Bc4 
Bb7 9.Nd5 Nxd5 10.Bxd5 c6 11.Bb3 Qc7 12.c3 h6 13.Be3 c5 14.dxe5 dxe5 15.
Bd5 c4 16.Bxb7 Qxb7 17.Qc2 Qc7 18.Rad1 Nf6 19.Nh4 Rfe8 20.Nf5 Bf8 21.f3 b5
22.Qf2 a5 23.Qg3 Kh7 24.Qh4 Re6 25.g4 b4 26.Kh1 Rb8 27.Rd2 a4 28.cxb4 Rxb4
29.Red1 Qc6 30.Rd8 Ne8 31.R8d7 Rb7 32.Qd8 a3 33.bxa3 c3 34.Rxb7 Qxb7 35.
Rc1 Qb2 36.Qd3 g6 37.Ng3 Qxa3 38.Qxc3 Qxa2 39.Ra1 Bb4 40.Qc1 Qb3 41.Rb1 
Qa3 42.Qxa3 Bxa3 43.Rb7 1/2-1/2

[Event "26th EUR-ch"]
[Site "Katowice POL"]
[Date "2026.04.16"]
[Round "9.35"]
[White "Razafindratsima, Timothe"]
[Black "Kuru, Atilla"]
[Result "1-0"]
[WhiteElo "2537"]
[BlackElo "2444"]
[EventDate "2026.04.07"]
[PlyCount "109"]

1.e4 c5 2.Nf3 g6 3.d4 cxd4 4.Nxd4 Bg7 5.Nc3 Nc6 6.Be3 Nf6 7.Bc4 O-O 8.Bb3 
d6 9.f3 Qa5 10.Qd2 Nxd4 11.Bxd4 Be6 12.O-O-O b5 13.Kb1 b4 14.Bxe6 fxe6 15.
Ne2 Qb5 16.Rc1 a5 17.c4 bxc3 18.Nxc3 Qb4 19.Rhd1 Rab8 20.Rc2 Nd7 21.Ne2 
Ne5 22.Qxb4 axb4 23.Rc7 Rfe8 24.Nf4 Kf7 25.Nd3 Nxd3 26.Rxd3 Bxd4 27.Rxd4 
Rb6 28.Kc2 Ra8 29.Kb3 Kf6 30.Rdc4 Ra5 31.R4c6 Rbb5 32.Rd7 Rh5 33.h3 Rhg5 
34.g4 Rgc5 35.Rcc7 Rxc7 36.Rxc7 h5 37.gxh5 gxh5 38.h4 d5 39.Rb7 Ke5 40.
Rxb4 Ra7 41.a4 d4 42.Kc4 Kf4 43.Kxd4 e5+ 44.Kc5 Kg3 45.Kb6 Ra8 46.a5 Rb8+ 
47.Kc5 Rc8+ 48.Kd5 Kxh4 49.a6 e6+ 50.Kd6 Kg3 51.a7 Ra8 52.Ra4 h4 53.Kc6 h3
54.Kb7 h2 55.Ra1 1-0

[Event "26th EUR-ch"]
[Site "Katowice POL"]
[Date "2026.04.16"]
[Round "9.36"]
[White "Ghimpu, Samuel-Timotei"]
[Black "Kempinski, Robert"]
[Result "1-0"]
[WhiteElo "2443"]
[BlackElo "2527"]
[EventDate "2026.04.07"]
[PlyCount "79"]

1.e4 c5 2.Nf3 d6 3.d4 cxd4 4.Nxd4 Nf6 5.Nc3 a6 6.Be3 e5 7.Nb3 Be7 8.h3 
Nbd7 9.a4 b6 10.Be2 Bb7 11.Bf3 Qc7 12.O-O O-O 13.Nd2 h6 14.Re1 Rac8 15.Nf1
Rfd8 16.Ng3 Bf8 17.Nf5 Qb8 18.Nd5 Bxd5 19.exd5 Qb7 20.b3 e4 21.Be2 Qxd5 
22.Qxd5 Nxd5 23.Bxa6 Rxc2 24.Bc4 Nxe3 25.Nxe3 Rb2 26.Nd5 Re8 27.Bb5 Re5 
28.Ne3 Rxb5 29.axb5 Rxb3 30.Rab1 Ra3 31.Red1 Ra4 32.Nf5 g6 33.Nxd6 Nf6 34.
Rbc1 Ra8 35.Rc8 Rxc8 36.Nxc8 e3 37.Nxb6 exf2+ 38.Kf1 Ne4 39.Nd7 Bb4 40.Rd4
1-0

[Event "26th EUR-ch"]
[Site "Katowice POL"]
[Date "2026.04.16"]
[Round "9.37"]
[White "Kadric, Denis"]
[Black "Kalogeris, Ioannis"]
[Result "1/2-1/2"]
[WhiteElo "2523"]
[BlackElo "2426"]
[EventDate "2026.04.07"]
[PlyCount "208"]

1.e4 e5 2.Nf3 Nc6 3.Bc4 Bc5 4.c3 Nf6 5.d3 d6 6.O-O O-O 7.h3 Bb6 8.Re1 Ne7 
9.d4 Ng6 10.Bf1 Re8 11.Nbd2 c6 12.Qc2 d5 13.exd5 exd4 14.Rxe8+ Qxe8 15.Nc4
dxc3 16.Nxb6 cxb2 17.Qxb2 axb6 18.dxc6 Qxc6 19.Be3 Nd5 20.Bd4 f6 21.Rc1 
Qd6 22.Nd2 Be6 23.Nc4 Qb4 24.Qxb4 Nxb4 25.a3 Nd5 26.Re1 Nf8 27.Nxb6 Nxb6 
28.Bxb6 Kf7 29.Bc5 Nd7 30.Bd6 Rc8 31.f4 h5 32.Be2 h4 33.Bf3 b6 34.Bb4 Nc5 
35.Rd1 Bf5 36.Bh5+ g6 37.Be2 Ne4 38.Bf3 Rc2 39.Re1 Rc4 40.Be2 Rc7 41.Bf3 
Rc4 42.Kh2 g5 43.fxg5 fxg5 44.Be2 Rc7 45.Bf3 Rc4 46.Re3 Kf6 47.Be1 Ke5 48.
Rb3 Rc1 49.Rb5+ Ke6 50.Rxb6+ Kf7 51.Rb5 Kg6 52.Bxe4 Bxe4 53.Bd2 Rc2 54.
Rxg5+ Kf6 55.Bf4 Ra2 56.a4 Bf5 57.Rg8 Kf7 58.Rd8 Rxa4 59.Bg5 Be4 60.Rd2 
Bf5 61.Rd6 Be6 62.Bd8 Rc4 63.Kg1 Rc1+ 64.Kh2 Rc4 65.Rb6 Rd4 66.Bg5 Ra4 67.
Rd6 Rc4 68.Kg1 Ra4 69.Rd8 Kg6 70.Bd2 Ra7 71.Rh8 Ra2 72.Rh6+ Kf7 73.Bg5 Bd5
74.Rf6+ Kg7 75.Rf2 Ra4 76.Rd2 Ba8 77.Be3 Kg6 78.Bf2 Kh5 79.Kh2 Rf4 80.Rc2 
Ra4 81.Rb2 Kg6 82.Rb6+ Kg7 83.Be1 Rc4 84.Ra6 Be4 85.Ra5 Kg6 86.Re5 Bf5 87.
Re8 Kg7 88.Bf2 Ra4 89.Rd8 Be4 90.Rd2 Ba8 91.Be1 Re4 92.Rd7+ Kg6 93.Rd6+ 
Kf5 94.Bf2 Ra4 95.Rd8 Ra2 96.Rf8+ Ke5 97.g4 hxg3+ 98.Kxg3 Bd5 99.h4 Ra8 
100.Bd4+ Kxd4 101.Rxa8 Bxa8 102.h5 Ke5 103.h6 Be4 104.h7 Bxh7 1/2-1/2

[Event "26th EUR-ch"]
[Site "Katowice POL"]
[Date "2026.04.16"]
[Round "9.38"]
[White "Brunello, Sabino"]
[Black "Makkar, Rajat"]
[Result "1-0"]
[WhiteElo "2516"]
[BlackElo "2422"]
[EventDate "2026.04.07"]
[PlyCount "75"]

1.e4 e5 2.Nf3 Nc6 3.Bc4 Bc5 4.d3 h6 5.Nbd2 Nf6 6.O-O O-O 7.Re1 d6 8.c3 a5 
9.h3 Ba7 10.Nf1 Be6 11.Bb5 Ne7 12.Ng3 c6 13.Ba4 Ng6 14.d4 Nh7 15.Be3 Ng5 
16.Bc2 Qf6 17.Nh2 Nf4 18.Ng4 Nfxh3+ 19.gxh3 Nf3+ 20.Kg2 Bxg4 21.hxg4 Nxe1+
22.Qxe1 exd4 23.Nh5 Qg6 24.cxd4 f5 25.exf5 Qxg4+ 26.Ng3 Bxd4 27.Qd1 Qxd1 
28.Rxd1 Bxe3 29.fxe3 d5 30.Kf3 Rad8 31.Ne2 Rd6 32.Nf4 b5 33.Ke2 Rfd8 34.
Ne6 R8d7 35.Rg1 c5 36.Kf3 Rf7 37.Rg6 Kh8 38.Ng5 1-0